[Event "Detroit (Pan Am/1)"]
[Site "?"]
[Date "1992.??.??"]
[Round "?"]
[White "Jointer, William"]
[Black "Sansone, W."]
[Result "1-0"]
[WhiteElo "1700"]
[BlackElo "1605"]
[PlyCount "95"]
[EventDate "1992.??.??"]

1. e4 c6 2. d4 d5 3. exd5 cxd5 4. c4 Nf6 5. Nc3 Bf5 6. Nf3 e6 7. Be2 Be7 8.
cxd5 Nxd5 9. Bb5+ Nc6 10. Ne5 Qc7 11. Qh5 O-O 12. O-O Nxe5 13. Nxd5 exd5 14.
Qxf5 Nc6 15. Bd3 g6 16. Qg4 Bf6 17. Bf4 Qb6 18. Bh6 Rfe8 19. a4 Qxd4 20. Qf3
Bg7 21. Bxg7 Kxg7 22. Bb5 a6 23. Rfd1 Qe4 24. Qc3+ Qe5 25. Qxe5+ Rxe5 26. Bd3
Rae8 27. f4 Re3 28. Rac1 R8e6 29. f5 R6e5 30. fxg6 hxg6 31. Bxa6 bxa6 32. Rxc6
Re1+ 33. Rxe1 Rxe1+ 34. Kf2 Rd1 35. Ke2 Rd4 36. a5 Rb4 37. Rb6 Re4+ 38. Kd3 Re6
39. b4 Re8 40. Rxa6 Rb8 41. Rb6 Ra8 42. a6 Kf8 43. b5 Ke8 44. Rb7 f6 45. a7 Rc8
46. Rb8 Kd7 47. a8=Q Rxb8 48. Qxb8 1-0

[Event "Detroit (Pan Am/5)"]
[Site "?"]
[Date "1992.??.??"]
[Round "?"]
[White "Jointer, William"]
[Black "Sajkowski, D."]
[Result "0-1"]
[WhiteElo "1700"]
[BlackElo "1900"]
[PlyCount "100"]
[EventDate "1992.??.??"]

1. e4 e5 2. Nf3 Nf6 3. Bc4 Nxe4 4. Nc3 Nxc3 5. dxc3 f6 6. Nxe5 fxe5 7. Qh5+ g6
8. Qf3 Qe7 9. h4 h6 10. Qe4 Qg7 11. f4 d6 12. fxe5 Qxe5 13. Qxe5+ dxe5 14. Rf1
Bf5 15. g4 Bxg4 16. Bf7+ Kd7 17. Bxg6 Nc6 18. Rf7+ Be7 19. Rf2 Bxh4 20. Kf1
Bxf2 21. Kxf2 Raf8+ 22. Kg3 Bf5 23. Bh5 Rhg8+ 24. Kh2 Bxc2 25. Be3 Rf5 26. Be2
Bd3 27. Rd1 e4 28. Kh3 Ne5 29. Bg1 Nf3 30. Bxf3 Rxf3+ 31. Kh2 Rf5 32. Kh1 Rf1
33. Rxf1 Bxf1 34. Be3 h5 35. a4 a6 36. b4 Rg3 37. Bf2 Rxc3 38. Be1 Ra3 39. a5
e3 40. Kg1 e2 41. Kf2 Ra1 42. Bc3 e1=Q+ 43. Bxe1 Rxe1 44. Kxe1 Bc4 45. Kf2 Kc6
46. Kg3 Kb5 47. Kh4 Be2 48. Kg3 Kxb4 49. Kf2 Kxa5 50. Kxe2 b5 0-1

[Event "Detroit (MOR/1b/42)"]
[Site "?"]
[Date "1992.??.??"]
[Round "?"]
[White "Jointer, William"]
[Black "Rosebrook, G."]
[Result "1-0"]
[WhiteElo "1700"]
[BlackElo "1605"]
[PlyCount "29"]
[EventDate "1992.??.??"]

1. e4 Nc6 2. Nf3 e6 3. d4 Be7 4. Bc4 d6 5. Nc3 Bd7 6. a3 h6 7. Be3 Nf6 8. h3
Qc8 9. e5 dxe5 10. dxe5 Nh7 11. Qd2 b6 12. O-O-O Qb7 13. Qxd7+ Kf8 14. Bb5 Nd8
15. Qe8# 1-0

[Event "Detroit (MOR/5/76)"]
[Site "?"]
[Date "1992.??.??"]
[Round "?"]
[White "Jointer, William"]
[Black "Rodriguez, Juan"]
[Result "0-1"]
[WhiteElo "1700"]
[BlackElo "1605"]
[PlyCount "66"]
[EventDate "1992.??.??"]

{5/(76)} 1. e4 e6 2. d4 d5 3. Nc3 Nf6 4. Bg5 h6 5. Bxf6 gxf6 6. Bb5+ c6 7. Bd3
Qb6 8. exd5 cxd5 9. b3 Nc6 10. Nf3 Bd7 11. Qe2 Bb4 12. Qd2 Nxd4 13. a3 Nxf3+
14. gxf3 Qa5 15. axb4 Qxa1+ 16. Nd1 Qe5+ 17. Ne3 d4 18. Ke2 dxe3 19. fxe3 Rg8
20. Kf2 Qg5 21. Kf1 Qh5 22. Be2 Qh3+ 23. Ke1 Qh4+ 24. Kd1 O-O-O 25. Qc3+ Kb8
26. Kc1 Qg5 27. f4 Qg2 28. Re1 Qf2 29. Kb2 Rc8 30. Bc4 Rg2 31. Re2 Qxe2 32.
Bxe2 Rxc3 33. Kxc3 Rxe2 0-1

[Event "Flint (Class B/2)"]
[Site "?"]
[Date "1992.??.??"]
[Round "?"]
[White "Jointer, William"]
[Black "Koger, Melvin"]
[Result "0-1"]
[WhiteElo "1700"]
[BlackElo "1760"]
[PlyCount "106"]
[EventDate "1992.??.??"]

1. e4 e6 2. d4 d5 3. e5 c5 4. c3 Nc6 5. Nf3 Qb6 6. a3 c4 7. Be2 f6 8. exf6 Nxf6
9. O-O Bd6 10. Nbd2 Na5 11. b4 cxb3 12. Rb1 Bd7 13. Nxb3 Ba4 14. Nxa5 Bxd1 15.
Rxb6 axb6 16. Bb5+ Ke7 17. Nxb7 Bxf3 18. gxf3 Bxa3 19. Bd2 Rhb8 20. Bc6 Rc8 21.
Bb5 Bb2 22. Bf4 Bxc3 23. Bd6+ Kf7 24. Be5 Bb4 25. Rb1 Be7 26. Bf1 Nd7 27. Bd6
Ra7 28. Bf4 Rxb7 29. Ba6 Rbc7 30. Bxc7 Rxc7 31. Bb5 Bf6 32. Rb4 Ke7 33. Kf1 Rc2
34. Ke1 Bh4 35. Be2 Bg5 36. Bd3 Bd2+ 37. Kd1 Bxb4 38. Kxc2 Nf6 39. Kd1 Bc3 40.
Ke2 Bxd4 41. f4 g6 42. Kf3 Kd6 43. Kg3 Ne4+ 44. Kf3 Nxf2 45. Bb1 b5 46. h4 Ne4
47. Bc2 b4 48. Ke2 Bf6 49. h5 gxh5 50. Kf3 Kc5 51. Ke3 h4 52. Bb3 Bd4+ 53. Kf3
Nd2+ 0-1

[Event "Detroit (MOR/3/57)"]
[Site "?"]
[Date "1992.??.??"]
[Round "?"]
[White "Jointer, William"]
[Black "Brown, S."]
[Result "0-1"]
[WhiteElo "1700"]
[BlackElo "1605"]
[PlyCount "92"]
[EventDate "1992.??.??"]

{3/(57)} 1. e4 c5 2. Nf3 Nc6 3. d4 cxd4 4. Nxd4 Nf6 5. Nc3 g6 6. Nxc6 bxc6 7.
e5 Nh5 8. g4 Ng7 9. Bh6 Qa5 10. Qe2 Ne6 11. Bxf8 Rxf8 12. O-O-O Rb8 13. a3 Nc5
14. Qe3 Qb6 15. b4 Ne6 16. Qxb6 axb6 17. Bc4 b5 18. Bb3 f6 19. exf6 Rxf6 20.
Ne4 Rf4 21. Rhe1 d5 22. Nc3 Rxf2 23. Rd2 Rxd2 24. Kxd2 Nd4 25. Ke3 Nxb3 26.
cxb3 Bxg4 27. a4 bxa4 28. Nxa4 Rxb4 29. Nc5 e5 30. Kd3 e4+ 31. Kc3 Rb5 32. b4
Ke7 33. Nb3 Kd6 34. Rf1 Ke7 35. Ra1 Rb7 36. Ra6 Kd6 37. Na5 d4+ 38. Kxd4 Rxb4+
39. Kc3 Rb5 40. Rxc6+ Kd5 41. Ra6 e3 42. Kd3 e2 43. Nc4 e1=Q 44. Ne3+ Kc5 45.
h3 Rb3+ 46. Kc2 Qc3# 0-1

[Event "Flint (Class B/3)"]
[Site "?"]
[Date "1992.??.??"]
[Round "?"]
[White "Johnston, Rowland"]
[Black "Saulmon, Scott"]
[Result "0-1"]
[WhiteElo "1780"]
[BlackElo "1670"]
[PlyCount "68"]
[EventDate "1992.??.??"]

1. b4 a5 2. b5 Nf6 3. Bb2 d5 4. e3 Bf5 5. c4 e6 6. Nf3 Nbd7 7. Nc3 Nc5 8. d4
Nce4 9. c5 b6 10. Qa4 Nd7 11. Nxe4 Bxe4 12. c6 Bb4+ 13. Kd1 Nf6 14. Ne5 Bd6 15.
f3 Bf5 16. g4 Bg6 17. h4 h5 18. Nxg6 fxg6 19. g5 Ng8 20. Bh3 Kf7 21. Rf1 Bg3
22. e4 Ne7 23. Qb3 Bxh4 24. f4 a4 25. Bxe6+ Kxe6 26. Qh3+ Kf7 27. Qxh4 dxe4 28.
f5 gxf5 29. Qxe4 g6 30. Ba3 Nd5 31. Rxf5+ gxf5 32. Qxf5+ Nf6 33. Bb2 Rg8 34. d5
Qxd5+ 0-1

[Event "Flint (Class B/1)"]
[Site "?"]
[Date "1992.??.??"]
[Round "?"]
[White "Johnston, Rowland"]
[Black "Lewis, C."]
[Result "1-0"]
[WhiteElo "1780"]
[BlackElo "1680"]
[PlyCount "85"]
[EventDate "1992.??.??"]

1. b4 e5 2. Bb2 d6 3. e3 g6 4. c4 Bg7 5. Nc3 Nf6 6. Nf3 b6 7. d4 exd4 8. exd4
O-O 9. Be2 d5 10. O-O Bb7 11. Qb3 a6 12. Ne5 Nc6 13. Rfd1 Qe7 14. cxd5 Nxd4 15.
Rxd4 Qxe5 16. Rad1 Rad8 17. Bf3 Rfe8 18. h3 c5 19. bxc5 bxc5 20. R4d3 Bc8 21.
Ne4 Qf5 22. g4 Qf4 23. Nxc5 Qd6 24. Ne6 fxe6 25. dxe6 Bxe6 26. Rxd6 Bxb3 27.
Rxd8 Bxd1 28. Rxd1 h6 29. a4 Kh7 30. a5 Rb8 31. Bd4 Ne8 32. Bb6 Rc8 33. Bb7 Rc3
34. Kg2 Nc7 35. Rd7 Ne6 36. Bxa6 Nc5 37. Ra7 Nxa6 38. Rxa6 Rc8 39. Ra7 Kg8 40.
a6 Be5 41. Rb7 Ra8 42. a7 g5 43. Bc7 1-0

[Event "Lansing (Aug)"]
[Site "?"]
[Date "1992.??.??"]
[Round "?"]
[White "Johnson, Kirk"]
[Black "Wysocki, Marc"]
[Result "0-1"]
[WhiteElo "1830"]
[BlackElo "1750"]
[PlyCount "156"]
[EventDate "1992.??.??"]

1. d4 f5 2. c4 Nf6 3. Nc3 g6 4. Bg5 Bg7 5. Qd2 O-O 6. Nf3 d6 7. Bh6 Nc6 8. Bxg7
Kxg7 9. e3 a6 10. Be2 Bd7 11. O-O e5 12. dxe5 dxe5 13. Rad1 e4 14. Nd4 Ne5 15.
a3 c5 16. Nb3 Qb6 17. Qd6 Qxd6 18. Rxd6 Rac8 19. Rfd1 Rf7 20. Nd5 Ne8 21. Rb6
Ba4 22. Nc3 Bxb3 23. Rxb3 Rcc7 24. Nd5 Rcd7 25. Rc3 Nf6 26. h3 Nxd5 27. cxd5 c4
28. Bxc4 b5 29. Bf1 Rd6 30. Be2 Rfd7 31. Rc5 Kf6 32. Kf1 Rd8 33. Ke1 Nd7 34.
Rc7 h6 35. Rc6 Nb6 36. Rxd6+ Rxd6 37. Rc1 Ke5 38. Rc6 Kxd5 39. Rxd6+ Kxd6 40.
Kd2 Kc5 41. b4+ Kd5 42. Kc3 g5 43. g3 Ke5 44. Bf1 Nd5+ 45. Kb3 f4 46. exf4+
gxf4 47. a4 fxg3 48. fxg3 Ne3 49. Be2 Nf5 50. Bd1 Nd4+ 51. Kc3 bxa4 52. Bxa4
Ne2+ 53. Kd2 Nxg3 54. Bc6 Kd4 55. Bb7 e3+ 56. Ke1 Kc4 57. Bxa6+ Kxb4 58. Bb7
Kc3 59. Bf3 Kd3 60. Bc6 Kd4 61. Bf3 Ke5 62. Bc6 Kf4 63. Bb7 Nf5 64. Bc8 Nd4 65.
Bg4 Ke4 66. Bc8 Nf3+ 67. Kf1 Kd3 68. Ba6+ Kd2 69. Kg2 Ne1+ 70. Kf1 h5 71. Be2
h4 72. Bg4 Nd3 73. Bf3 Nf4 74. Bg4 Nxh3 75. Bf3 Nf2 76. Kg2 Ke1 77. Kh2 h3 78.
Bh5 e2 0-1

[Event "Lansing (Aug)"]
[Site "?"]
[Date "1992.??.??"]
[Round "?"]
[White "Johnson, Kirk"]
[Black "Stockham, James"]
[Result "1/2-1/2"]
[WhiteElo "1830"]
[BlackElo "1730"]
[PlyCount "85"]
[EventDate "1992.??.??"]

1. d4 d5 2. c4 c6 3. Nc3 Nf6 4. cxd5 cxd5 5. Bf4 Nc6 6. Nf3 e6 7. e3 a6 8. h3
Be7 9. Bd3 O-O 10. a3 Bd7 11. O-O Rc8 12. Qc2 h6 13. Rfc1 Nh5 14. Bh2 f5 15.
Qe2 Nf6 16. b4 b5 17. Rc2 Ne4 18. Rac1 Nd6 19. Ne5 Nxe5 20. Bxe5 Nc4 21. Bxc4
bxc4 22. Ra2 Qe8 23. Rb1 Ba4 24. Nxa4 Qxa4 25. Qc2 Qxc2 26. Rxc2 Rfd8 27. a4
Bd6 28. Bxd6 Rxd6 29. b5 axb5 30. Rxb5 Ra6 31. a5 Rca8 32. Ra2 c3 33. Rc5 c2
34. Raxc2 Rxa5 35. Rxa5 Rxa5 36. Rc7 Ra6 37. Kh2 Kh7 38. Kg3 Kg6 39. Kf3 Kf6
40. h4 Rb6 41. g3 g5 42. hxg5+ hxg5 43. Rc8 1/2-1/2

[Event "Detroit (MI Op/2/19)"]
[Site "?"]
[Date "1992.??.??"]
[Round "?"]
[White "Jirjis, Faris"]
[Black "Thomas, Henry"]
[Result "1-0"]
[WhiteElo "2090"]
[BlackElo "1765"]
[PlyCount "41"]
[EventDate "1992.??.??"]

{2/(19)} 1. d4 f5 2. Bg5 h6 3. Bf4 g5 4. Be5 Nf6 5. Nc3 e6 6. e4 d6 7. Bxf6
Qxf6 8. exf5 exf5 9. Qh5+ Kd7 10. O-O-O c6 11. d5 Bg7 12. dxc6+ bxc6 13. Nf3
Ba6 14. Bxa6 Nxa6 15. Rhe1 Rhe8 16. Rxd6+ Qxd6 17. Rd1 Qxd1+ 18. Nxd1 Re7 19.
Qg6 Nb4 20. Qxf5+ Kc7 21. Qa5+ 1-0

[Event "Detroit (MI Op/6/17)"]
[Site "?"]
[Date "1992.??.??"]
[Round "?"]
[White "Jirjis, Faris"]
[Black "Kulbacki, James"]
[Result "1-0"]
[WhiteElo "2090"]
[BlackElo "1990"]
[PlyCount "99"]
[EventDate "1992.??.??"]

{6/(17)} 1. e4 e6 2. d4 d5 3. Nd2 Nf6 4. e5 Nfd7 5. c3 c5 6. f4 Nc6 7. Ndf3 Qb6
8. g4 g6 9. Bh3 cxd4 10. cxd4 Bb4+ 11. Kf1 Nf8 12. Ne2 h5 13. gxh5 Rxh5 14. Bg4
Rh8 15. h4 Bd7 16. h5 Na5 17. Kg2 Rc8 18. b3 Qa6 19. Be3 Bb5 20. Ng5 Bd3 21.
Rc1 Rxc1 22. Nxc1 Bb1 23. Be2 Qc6 24. Nd3 Bxd3 25. Qxd3 Qc3 26. hxg6 Nxg6 27.
Rxh8+ Nxh8 28. Qxc3 Bxc3 29. Bh5 Nc6 30. Nxe6 Ke7 31. Nc7 Bxd4 32. Bd2 Ng6 33.
Bg4 Bc5 34. Nxd5+ Kf8 35. b4 Bd4 36. b5 Nd8 37. Bb4+ Kg7 38. Bc8 b6 39. Kf3 Bc5
40. Bc3 Kf8 41. f5 Ne7 42. Nxe7 Kxe7 43. Ke4 Ba3 44. Kd5 Bc5 45. Be1 Ba3 46.
Bh4+ Ke8 47. Bg5 Bc5 48. a4 Bb4 49. Be3 Ba3 50. a5 1-0

[Event "Detroit (MI Op/4/17)"]
[Site "?"]
[Date "1992.??.??"]
[Round "?"]
[White "Jirjis, Faris"]
[Black "June, Brian"]
[Result "1-0"]
[WhiteElo "2090"]
[BlackElo "1820"]
[PlyCount "115"]
[EventDate "1992.??.??"]

{4/(17)} 1. d4 d5 2. c4 c6 3. Nc3 Nf6 4. Nf3 Bf5 5. Bg5 e6 6. e3 Be7 7. cxd5
exd5 8. Ne5 Qa5 9. Qb3 Qb4 10. Qxb4 Bxb4 11. Bxf6 gxf6 12. Nd3 Bd6 13. f3 h5
14. e4 dxe4 15. fxe4 Bg4 16. h3 Bg3+ 17. Kd2 Be6 18. Be2 Nd7 19. Rhf1 Bc4 20.
b3 Bxd3 21. Kxd3 O-O-O 22. Ke3 Bh4 23. Rf5 Bg5+ 24. Kf3 Nf8 25. d5 cxd5 26.
Rxd5 Ng6 27. Rad1 Nf4 28. Rxd8+ Rxd8 29. Rxd8+ Kxd8 30. Bc4 Ng6 31. Bd5 Ne5+
32. Ke2 b6 33. Nb5 a6 34. Nd6 Ke7 35. Nc8+ Kd7 36. Nxb6+ Kd6 37. Na4 Bc1 38.
Nc3 Bb2 39. Nd1 Bd4 40. Bb7 a5 41. Ne3 Kc5 42. Nd5 Nd7 43. Nf4 h4 44. Bd5 Ne5
45. Bxf7 Kb4 46. Bg8 Ka3 47. Kd2 Bb6 48. Nd5 Bd8 49. Kc3 Kxa2 50. Kd4 Nc6+ 51.
Kc5 Ne5 52. Kd6 Nc4+ 53. bxc4 a4 54. c5 Kb2 55. c6 a3 56. c7 a2 57. cxd8=Q a1=Q
58. Qxf6+ 1-0

[Event "East Lansing (MI Am/4)"]
[Site "?"]
[Date "1992.??.??"]
[Round "?"]
[White "Jensen, D."]
[Black "Stockman, David"]
[Result "1-0"]
[WhiteElo "1605"]
[BlackElo "1730"]
[PlyCount "75"]
[EventDate "1992.??.??"]

1. d4 Nf6 2. c4 c5 3. e3 g6 4. Nf3 b6 5. Nc3 Bb7 6. Be2 Bg7 7. O-O O-O 8. Nh4
Nc6 9. Bf3 cxd4 10. exd4 Rc8 11. Be3 e6 12. g3 Ne8 13. Bg2 Ba6 14. b3 d5 15.
Nb5 dxc4 16. bxc4 Bxb5 17. cxb5 Nxd4 18. Bxd4 Bxd4 19. Rb1 Nc7 20. Nf3 Bg7 21.
a4 Nd5 22. Rb3 Nc3 23. Qxd8 Rfxd8 24. Rb4 Rc7 25. Re1 Rdc8 26. Ne5 Bxe5 27.
Rxe5 Rc5 28. Rxc5 Rxc5 29. Rb3 Nxa4 30. Bf1 Rc3 31. Rb1 Kf8 32. Ra1 Nc5 33.
Rxa7 Rc1 34. Kg2 Rc2 35. Rc7 Ra2 36. Rc6 Na4 37. Rc7 Nb2 38. Rc2 1-0

[Event "East Lansing (MI Am/5)"]
[Site "?"]
[Date "1992.??.??"]
[Round "?"]
[White "Jensen, D."]
[Black "McCarter, Robert"]
[Result "0-1"]
[WhiteElo "1605"]
[BlackElo "1720"]
[PlyCount "44"]
[EventDate "1992.??.??"]

1. d4 Nf6 2. c4 e6 3. Nc3 Bb4 4. Bd2 c5 5. e3 O-O 6. a3 Bxc3 7. Bxc3 d5 8. Nf3
Ne4 9. Rc1 b6 10. Bd3 Nxc3 11. bxc3 Nd7 12. O-O Bb7 13. Re1 Nf6 14. Qc2 h6 15.
Ne5 Rc8 16. Qe2 Qd6 17. Ng4 Nxg4 18. Qxg4 dxc4 19. Bxc4 cxd4 20. cxd4 Rc7 21.
Qg3 Qxg3 22. hxg3 Rfc8 0-1

[Event "East Lansing (MI Am/2)"]
[Site "?"]
[Date "1992.??.??"]
[Round "?"]
[White "Jensen, D."]
[Black "Koger, Melvin"]
[Result "0-1"]
[WhiteElo "1605"]
[BlackElo "1885"]
[PlyCount "106"]
[EventDate "1992.??.??"]

1. d4 Nf6 2. c4 e6 3. Nc3 d5 4. Nf3 c5 5. e3 Nc6 6. Bd3 Be7 7. O-O O-O 8. a3
cxd4 9. exd4 dxc4 10. Bxc4 a6 11. Be3 Qc7 12. Qc2 Nxd4 13. Bxd4 Qxc4 14. Rfe1
Rd8 15. Rad1 h6 16. Qe2 Qxe2 17. Rxe2 Bd7 18. Bb6 Rdc8 19. Red2 Bc6 20. Ne5 Be8
21. h3 Bc5 22. Bxc5 Rxc5 23. Ng4 Nxg4 24. hxg4 Bc6 25. f3 Re8 26. Kf2 Rg5 27.
Ke3 f5 28. gxf5 exf5+ 29. Kf2 Kf7 30. Re2 Rxe2+ 31. Nxe2 Rg6 32. Nf4 Rf6 33.
Rd2 g5 34. Ne2 g4 35. f4 h5 36. Rd8 Kg7 37. Nd4 Be4 38. Ne2 h4 39. Rd7+ Rf7 40.
Rd6 g3+ 41. Nxg3 hxg3+ 42. Kxg3 Rf6 43. Rxf6 Kxf6 44. Kh3 Ke6 45. g4 fxg4+ 46.
Kxg4 b5 47. Kg5 a5 48. b4 axb4 49. axb4 Kd5 50. f5 Kc4 51. f6 Bd5 52. Kf5 Kxb4
53. Ke5 Kc4 0-1

[Event "Detroit (MI Op/3/12)"]
[Site "?"]
[Date "1992.??.??"]
[Round "?"]
[White "Jarosz, Stan"]
[Black "Linn, Peter"]
[Result "0-1"]
[WhiteElo "2000"]
[BlackElo "2145"]
[PlyCount "48"]
[EventDate "1992.??.??"]

{3/(12)} 1. d4 d5 2. Nf3 c5 3. dxc5 e6 4. e4 Bxc5 5. exd5 exd5 6. Bb5+ Nc6 7.
O-O Nge7 8. Nc3 O-O 9. Bg5 Bg4 10. Be2 Re8 11. Qd2 f6 12. Bf4 Qd7 13. Rad1 Rad8
14. h3 Bh5 15. Nd4 Bxe2 16. Ncxe2 Ng6 17. Be3 Re4 18. Qc3 Bb6 19. Qa3 Rde8 20.
Qa4 f5 21. Nc3 f4 22. Nxe4 Rxe4 23. Bc1 Bxd4 24. c3 Bxf2+ 0-1

[Event "Detroit (MI Op/5/38)"]
[Site "?"]
[Date "1992.??.??"]
[Round "?"]
[White "Jarosz, Stan"]
[Black "LeBlanc, R."]
[Result "1-0"]
[WhiteElo "2000"]
[BlackElo "1815"]
[PlyCount "117"]
[EventDate "1992.??.??"]

{5/(38)} 1. d4 d5 2. Nf3 Nf6 3. Bf4 Bf5 4. e3 e6 5. c4 Bb4+ 6. Nc3 O-O 7. Qb3
Bxc3+ 8. bxc3 b6 9. Be2 h6 10. O-O Nbd7 11. a4 Bg4 12. a5 Ne4 13. Rfd1 dxc4 14.
Qxc4 g5 15. Bg3 Nxg3 16. hxg3 Qe7 17. Rd2 c5 18. Rda2 cxd4 19. cxd4 bxa5 20.
Rxa5 Nb6 21. Qa2 Nd5 22. Rxa7 Rxa7 23. Qxa7 Qxa7 24. Rxa7 Nc3 25. Bd3 Bxf3 26.
gxf3 Kg7 27. Rc7 Nd5 28. Rb7 Rc8 29. Kg2 Rc3 30. Bf1 Rc2 31. Rb3 Nc7 32. Bd3
Rc1 33. f4 g4 34. f5 exf5 35. Bxf5 h5 36. Rb2 Nd5 37. Rd2 Kf6 38. Bd3 Rc3 39.
Kf1 Rc1+ 40. Kg2 Rc3 41. e4 Nc7 42. Bf1 Ne6 43. d5 Nc5 44. d6 Ke6 45. Bb5 Nd7
46. Bxd7+ Kxd7 47. Rd5 Rc6 48. e5 Rb6 49. Ra5 Rb7 50. Kf1 Ke6 51. Ke2 Rb2+ 52.
Ke3 f5 53. exf6 Rb3+ 54. Ke2 Kxf6 55. Rd5 Rb8 56. d7 Rd8 57. Ke3 Ke6 58. Rxh5
Kxd7 59. Rd5+ 1-0

[Event "Detroit (MI Op/1b/10)"]
[Site "?"]
[Date "1992.??.??"]
[Round "?"]
[White "Jarosz, Stan"]
[Black "Anderson, James A"]
[Result "1-0"]
[WhiteElo "2000"]
[BlackElo "1810"]
[PlyCount "101"]
[EventDate "1992.??.??"]

1. d4 Nf6 2. Nf3 g6 3. Bf4 Bg7 4. h3 d6 5. e3 c6 6. Be2 Nbd7 7. O-O O-O 8. c3
Re8 9. Bh2 Nb6 10. a4 a5 11. Na3 Bd7 12. Nd2 e5 13. dxe5 dxe5 14. Ndc4 Nxc4 15.
Nxc4 Nd5 16. Nd6 Re7 17. c4 Nf6 18. Nxb7 Qb6 19. Nd6 Qxb2 20. Rb1 Qa3 21. Rb7
Re6 22. Ne4 Bc8 23. Qd8+ Qf8 24. Nxf6+ Bxf6 25. Qxf8+ Kxf8 26. Rb3 Rd6 27. Bf3
Ba6 28. Rc1 Rad8 29. c5 Rd2 30. Rb6 Bd3 31. Bxc6 Be2 32. Bg3 h5 33. h4 Kg7 34.
Bb5 g5 35. hxg5 Bxg5 36. Bxe5+ f6 37. Bc3 Rd1+ 38. Rxd1 Rxd1+ 39. Kh2 Bg4 40.
f4 Bh4 41. Rb7+ Kg6 42. Be8+ Kh6 43. Bc6 Rc1 44. Bd4 Bf2 45. Be4 Bg1+ 46. Kg3
f5 47. Rb6+ Kh7 48. Bf3 h4+ 49. Kxh4 Bf2+ 50. Kg5 Bh4+ 51. Kxh4 1-0

[Event "Detroit (MI Op/1a/25)"]
[Site "?"]
[Date "1992.??.??"]
[Round "?"]
[White "James, T."]
[Black "Drkulec, Vladimir"]
[Result "1/2-1/2"]
[WhiteElo "1775"]
[BlackElo "2045"]
[PlyCount "130"]
[EventDate "1992.??.??"]

1. Nf3 Nf6 2. d4 c5 3. dxc5 Na6 4. Nc3 Nxc5 5. Bg5 Nfe4 6. Nxe4 Nxe4 7. Bh4 Qb6
8. Qd4 Qxd4 9. Nxd4 g5 10. Bg3 a6 11. f3 Nxg3 12. hxg3 Bg7 13. O-O-O e6 14. e4
b6 15. f4 Bb7 16. e5 h6 17. Nf3 g4 18. Nd2 b5 19. Rh2 f6 20. exf6 Bxf6 21. Be2
O-O-O 22. Bxg4 Rdg8 23. Bf3 Bxf3 24. Nxf3 Rxg3 25. Rd6 a5 26. Nd2 Rg4 27. Ra6
Kb7 28. Rxa5 Kb6 29. Ra3 Rxf4 30. Nf3 Rg8 31. Rd3 Kc6 32. c3 e5 33. Rxh6 Rxg2
34. Nxe5+ Kc7 35. Rxf6 Rxf6 36. Rxd7+ Kc8 37. Rd2 Rg5 38. Nd3 Kb7 39. Kc2 Rd6
40. Nc5+ Rxc5 41. Rxd6 b4 42. Rd4 bxc3 43. bxc3 Rh5 44. Kb3 Kb6 45. a4 Rh1 46.
Rb4+ Ka6 47. Rd4 Ra1 48. Kb4 Rb1+ 49. Kc5 Rc1 50. c4 Ka5 51. Kc6 Kxa4 52. c5+
Ka5 53. Rd5 Ka6 54. Kc7 Rc2 55. c6 Rh2 56. Rd6 Rh8 57. Rd8 Rh6 58. Rd6 Rh8 59.
Rd1 Rh6 60. Ra1+ Kb5 61. Rb1+ Ka6 62. Rd1 Rh8 63. Rd7 Rh6 64. Re7 Kb5 65. Re5+
Ka6 1/2-1/2

[Event "Detroit (MI Op/6/26)"]
[Site "?"]
[Date "1992.??.??"]
[Round "?"]
[White "James, T."]
[Black "Brady, Lindell"]
[Result "1/2-1/2"]
[WhiteElo "1775"]
[BlackElo "1940"]
[PlyCount "59"]
[EventDate "1992.??.??"]

{6/(26)} 1. Nf3 Nf6 2. d4 e6 3. c4 Bb4+ 4. Bd2 Bxd2+ 5. Qxd2 Ne4 6. Qc2 f5 7.
Nc3 Nxc3 8. Qxc3 O-O 9. g3 b6 10. Bg2 Bb7 11. e3 d6 12. O-O Nd7 13. Rad1 Nf6
14. d5 Ne4 15. Qc2 e5 16. Nd2 Nxd2 17. Rxd2 f4 18. exf4 exf4 19. Be4 h6 20. Re2
Qg5 21. Rfe1 fxg3 22. hxg3 Rad8 23. Bg6 Bc8 24. Re7 Bd7 25. Qe4 Qf6 26. Re2 a5
27. Bh5 Bf5 28. Qe3 Bd7 29. Qe4 Bf5 30. Qe3 1/2-1/2

[Event "Detroit (MI Op/3/37)"]
[Site "?"]
[Date "1992.??.??"]
[Round "?"]
[White "James, T."]
[Black "Bee, A."]
[Result "1/2-1/2"]
[WhiteElo "1775"]
[BlackElo "1930"]
[PlyCount "69"]
[EventDate "1992.??.??"]

{3/(37)} 1. Nf3 Nf6 2. c4 c5 3. g3 Nc6 4. Bg2 d6 5. O-O e6 6. Nc3 Be7 7. d4
cxd4 8. Nxd4 Bd7 9. e4 Ne5 10. b3 O-O 11. Bb2 h5 12. h3 g6 13. Kh2 Nh7 14. f4
Nc6 15. Nf3 a6 16. Qd2 Qc7 17. Rad1 Rad8 18. e5 dxe5 19. fxe5 h4 20. Ne4 hxg3+
21. Kh1 f5 22. exf6 Nxf6 23. Qc3 e5 24. Nxe5 Nxe5 25. Qxe5 Qxe5 26. Bxe5 Nxe4
27. Bxe4 Bxh3 28. Rxf8+ Rxf8 29. Bxg3 Bg4 30. Bd5+ Kg7 31. Rd3 Rh8+ 32. Kg2
Bh3+ 33. Kg1 Bc5+ 34. Bf2 Bxf2+ 35. Kxf2 1/2-1/2

[Event "Lansing (Aug)"]
[Site "?"]
[Date "1992.??.??"]
[Round "?"]
[White "Jackson, Don"]
[Black "Vaughn, Gerald"]
[Result "1-0"]
[WhiteElo "1605"]
[BlackElo "1605"]
[PlyCount "119"]
[EventDate "1992.??.??"]

1. e4 e5 2. Nf3 Nc6 3. Nc3 Bc5 4. Bc4 h6 5. d3 Nf6 6. O-O d6 7. Be3 Bxe3 8.
fxe3 Bg4 9. Qe1 Na5 10. b3 Nxc4 11. bxc4 c6 12. Qg3 O-O 13. Nh4 Be6 14. Nf5
Bxf5 15. Rxf5 Nh7 16. Raf1 Qe7 17. h4 g6 18. Rh5 Kg7 19. Rhf5 Ng5 20. hxg5 gxf5
21. exf5 Qxg5 22. Qh3 Rh8 23. Ne4 Qd8 24. Qh5 d5 25. Ng3 Qg5 26. f6+ Kf8 27.
Qh3 Qxe3+ 28. Kh2 Re8 29. Rf3 Qg5 30. Nh5 dxc4 31. Rg3 Qd2 32. Qd7 Qb4 33. Rg7
Re7 34. fxe7+ Qxe7 35. Qg4 cxd3 36. cxd3 Qd6 37. Qc8+ Ke7 38. Qxh8 e4+ 39. Ng3
exd3 40. Qh7 Qf6 41. Qxd3 Qh4+ 42. Kg1 Qf6 43. Nf5+ Kf8 44. Qa3+ Ke8 45. Rg8+
Kd7 46. Qd3+ Kc7 47. Qg3+ Kd7 48. Rb8 Qxf5 49. Rxb7+ Ke6 50. Qb3+ Kd6 51. Rxf7
Qc5+ 52. Rf2 h5 53. Qg3+ Kd7 54. Kh2 h4 55. Rd2+ Ke7 56. Qxh4+ Ke6 57. Qe4+ Kf6
58. Qd4+ Qxd4 59. Rxd4 Ke5 60. Rd8 1-0

[Event "Detroit (Pan Am/2)"]
[Site "?"]
[Date "1992.??.??"]
[Round "?"]
[White "Iverson, B."]
[Black "Brewer, M."]
[Result "1/2-1/2"]
[WhiteElo "1640"]
[BlackElo "1605"]
[PlyCount "103"]
[EventDate "1992.??.??"]

1. Nf3 Nf6 2. g3 d6 3. Bg2 c6 4. O-O e5 5. d3 Be7 6. e4 Bg4 7. Nbd2 Nbd7 8. h3
Bh5 9. a4 a5 10. Qe1 Qc7 11. Nh4 Bg6 12. Nc4 O-O 13. Ne3 Nc5 14. Nef5 Ne6 15.
Be3 Rfe8 16. Qd2 Kh8 17. g4 Rab8 18. Nxe7 Qxe7 19. Nf5 Qc7 20. f3 Bxf5 21. exf5
Nd4 22. Ra3 Nd5 23. Rc1 c5 24. c3 Nxe3 25. Qxe3 Nc6 26. Re1 Qd7 27. Raa1 b5 28.
axb5 Rxb5 29. Qd2 Reb8 30. Rab1 a4 31. Qc2 Qa7 32. f4 c4+ 33. d4 exd4 34. Bxc6
d3+ 35. Qf2 Qxf2+ 36. Kxf2 Rxb2+ 37. Rxb2 Rxb2+ 38. Kf3 h6 39. Bxa4 Ra2 40. Bb5
Rc2 41. Bxc4 Rxc3 42. Bxd3 Rxd3+ 43. Re3 Rd5 44. Ke4 Rb5 45. Rd3 Rb4+ 46. Rd4
Rb3 47. Rd3 d5+ 48. Kd4 Rb4+ 49. Ke3 Rb5 50. h4 f6 51. Kf3 Kg8 52. Ke3 1/2-1/2

[Event "Detroit (MOR/2/63)"]
[Site "?"]
[Date "1992.??.??"]
[Round "?"]
[White "Imai, Toshio"]
[Black "Stanulis, T."]
[Result "1-0"]
[WhiteElo "1700"]
[BlackElo "1605"]
[PlyCount "49"]
[EventDate "1992.??.??"]

{2/(63)} 1. e4 c5 2. d4 cxd4 3. c3 dxc3 4. Nxc3 e6 5. Nf3 Bb4 6. Bc4 Bxc3+ 7.
bxc3 Nc6 8. O-O Nge7 9. Ba3 Qa5 10. Bd6 Qxc3 11. Rc1 Qa5 12. Nd4 Nxd4 13. Qxd4
Qb6 14. Bc5 Qc6 15. Bxe7 Kxe7 16. Qxg7 Rf8 17. Qxh7 b5 18. Bd5 Qxc1 19. Rxc1
exd5 20. exd5 Bb7 21. Qh4+ Kd6 22. Qb4+ Ke5 23. Re1+ Kf6 24. Qf4+ Kg7 25. Qg5+
1-0

[Event "East Lansing (MI Am/4)"]
[Site "?"]
[Date "1992.??.??"]
[Round "?"]
[White "Imai, Toshio"]
[Black "Smeckert, Dennis"]
[Result "1-0"]
[WhiteElo "1715"]
[BlackElo "1605"]
[PlyCount "73"]
[EventDate "1992.??.??"]

1. e4 e5 2. Bc4 Bc5 3. Nf3 Nc6 4. c3 d6 5. d4 exd4 6. cxd4 Bb4+ 7. Bd2 Bxd2+ 8.
Nbxd2 Qf6 9. Bb5 Ke7 10. Bxc6 bxc6 11. O-O Rb8 12. Qc2 Kd7 13. e5 Qg6 14. Qc3
Ne7 15. Rac1 Ba6 16. Rfe1 Qd3 17. b3 Qxc3 18. Rxc3 d5 19. Ng5 Rb4 20. Ndf3 h6
21. Nxf7 Rhb8 22. e6+ Ke8 23. N7e5 Bc4 24. bxc4 Rb2 25. a3 Ra2 26. Nd3 dxc4 27.
Rxc4 Rxa3 28. Nde5 Ra2 29. Nxc6 Nxc6 30. Rxc6 Rbb2 31. Rf1 a5 32. Rxc7 a4 33.
d5 Re2 34. Rxg7 a3 35. Nd4 Re4 36. Nf5 Rae2 37. Rg8# 1-0